000 01007naa a22002777a 4500
001 BR9700954
003 BR-BrBNA
005 20250721155542.0
007 ta
008 250630b bl.|||m| |||| 00| 0 por d
040 _aBR-BrBNA
_bpor
_cBiblioteca Nacional de Agricultura
041 _a(Pt)
072 _aF02
_b1100
090 _aF02 BR9700954
100 1 _aRamos, H.V.
245 1 _aProgramacao de fruteiras comerciais
500 _aProducao de mudas frutiferas sob condicoes do ecossistema de cerrados Planaltina, DF (Brasil): 1996. p. 35-45 [11 ref.] (BR9700954-AMS)
773 0 _tProducao de mudas frutiferas sob condicoes do ecossistema de cerrados
_wF02 BR9700954
_gPlanaltina, DF (Brasil), 1996. p. 35-45
650 _aFruta Tropical
650 _aReproducao Vegetal
650 _aEnxerto
650 _aGarfagem
490 _aDocumentos - Centro de Pesquisa Agropecuaria dos Cerrados (Brazil)
_vno. 62
_xISSN 0102-0021
942 _cAMS
_2AGRIS
909 _a202506
_bLúcia
_c55
_dLúcia Elande
999 _c337195
_d337195